000 01078nam a2200289 a 4500
001 68180
003 BD-RjUL
005 20211209081735.0
008 050827r20112006n a b 001 0 eng
020 _a9780781797665
035 _a(BD-RjUL)68390
040 _aDNLM/DLC
_cDLC
_dNLM
_dBAKER
_dC#P
_dUKM
_dDLC
_dBD-RjUL
_beng
041 _aeng
082 0 0 _223
_a615.19
_bMAR 2011
245 1 0 _aMartin's physical pharmacy and pharmaceutical sciences :
_bphysical chemical and biopharmaceutical principles in the pharmaceutical sciences /
250 _a6th ed.
260 _aPhiladelphia :
_bLippincott Williams & Wilkins,
_cc2006 [rerinted 2011]
300 _aviii, 659 p. :
_bill. ;
_c29 cm.
504 _aIncludes bibliographical references and index.
650 0 _aPharmaceutical chemistry.
_9202105
650 0 _aChemistry, Physical and theoretical.
_9202106
650 1 2 _aChemistry, Pharmaceutical.
_9201387
650 1 2 _aChemistry, Physical.
_9202107
700 1 _aSinko, Patrick J.
_9202108
700 1 _aMartin, Alfred N.
_tPhysical pharmacy.
_9202109
942 _2ddc
_cBK
999 _c68180
_d68180